00325nam a2200121Ia 4500008004100000100001700041245005100058260005000109300000900159650001300168942000700181999001500188190216s9999||||xx |||||||||||||| ||und|| aIra Horowitz 0aIntroduction To Quantitative Business Analysis bCalicut University Central Co-Operativec1965 a310p aCommerce cBK c4223d4223